[Event "Monaco active"]
[Site "Monaco MNC"]
[Date "1992.??.??"]
[Round "21"]
[White "Karpov, Anatoly"]
[Black "Piket, Jeroen"]
[Result "0-1"]
[WhiteElo "2725"]
[BlackElo "2615"]
[PlyCount "130"]
[EventDate "1992.??.??"]
[Source "www.chesslib.no"]
[SourceDate "2004.05.04"]

1. d4 Nf6 2. c4 d6 3. Nc3 g6 4. e4 Bg7 5. f3 c5 6. dxc5 dxc5 7. Qxd8+ Kxd8 8. Be3 Nfd7 9. Nge2 Nc6 10. O-O-O b6 11. f4 Ba6 12. b3 e6 13. g3 Kc7 14. e5 Rad8 15. Bg2 Ndb8 16. Nb5+ Bxb5 17. cxb5 Ne7 18. Nc3 h5 19. Rhe1 Nf5 20. Bf2 Rd7 21. Rxd7+ Nxd7 22. Ne4 Rd8 23. Ng5 Nh6 24. Be4 Nf8 25. Bc2 Rd7 26. h3 Ng8 27. Rd1 Rxd1+ 28. Kxd1 Nh6 29. Ke2 f6 30. exf6 Bxf6 31. Ne4 Bg7 32. Bd3 Nf5 33. Bc4 Nd6 34. Nxd6 Kxd6 35. Kf3 e5 36. Bd3 exf4 37. gxf4 Bf6 38. a4 Ke6 39. a5 Bd8 40. a6 Bc7 41. Bh4 Bd6 42. Bc4+ Kf5 43. Bg5 Bc7 44. Bd5 Bd6 45. Bb7 Ke6 46. Ke4 Be7 47. Bh6 Nh7 48. Bc8+ Kd6 49. f5 g5 50. Be6 Nf6+ 51. Kf3 Nd5 52. Bg7 Bf6 53. Bf8+ Ke5 54. Bh6 Nf4 55. h4 Nxe6 56. fxe6 gxh4 57. Bf4+ Kxe6 58. Bb8 Be5 59. Bxa7 Bc7 60. Kg2 Kf5 61. Kh3 Kg5 62. Kg2 Kg4 63. Kh1 h3 64. Kg1 h2+ 65. Kg2 Kf4 0-1

[Event "Erevan ARM"]
[Site "Erevan ARM"]
[Date "1996.??.??"]
[Round "5"]
[White "Vaganian, Rafael A"]
[Black "Akopian, Vladimir E"]
[Result "1/2-1/2"]
[WhiteElo "2615"]
[BlackElo "2620"]
[PlyCount "22"]
[EventDate "1996.??.??"]
[Source "www.chesslib.no"]
[SourceDate "2004.05.04"]

1. d4 Nf6 2. c4 g6 3. Nc3 Bg7 4. e4 d6 5. f3 Nxe4 6. Be3 Ng5 7. Qd3 Kf8 8. Qe2 e5 9. Qf2 Bf6 10. Qh4 Ke7 11. Bf2 h5 1/2-1/2

[Event "Burgas"]
[Site "?"]
[Date "1994.??.??"]
[Round "?"]
[White "Georgiev, Ki"]
[Black "Smirin, I."]
[Result "0-1"]
[WhiteElo "2615"]
[BlackElo "2615"]
[PlyCount "82"]
[EventDate "1994.??.??"]
[Source "ChessBase"]
[SourceDate "1994.06.01"]

1. d4 Nf6 2. c4 g6 3. Nc3 Bg7 4. e4 d6 5. f3 Nc6 6. Nge2 a6 7. Bg5 Rb8 8. Rc1 Bd7 9. Qd2 h5 10. h4 O-O 11. Nd5 b5 12. c5 Re8 13. g3 a5 14. cxd6 cxd6 15. Nxf6+ exf6 16. Be3 f5 17. Bg2 fxe4 18. fxe4 f5 19. exf5 Rc8 20. O-O Qe7 21. Bd5+ Kh8 22. Rf3 Nb4 23. Rxc8 Bxc8 24. Nf4 Bxf5 25. Be6 Qb7 26. Qg2 Bg4 27. Kf2 Nd3+ 28. Nxd3 Bxf3 29. Qxf3 Qxf3+ 30. Kxf3 Rxe6 31. Nf4 Rf6 32. Ke4 Kg8 33. b3 Bh6 34. a4 bxa4 35. bxa4 Kf7 36. d5 Bxf4 37. Bxf4 Ke8 38. Kd4 Kd7 39. Kc4 Rf5 40. Kd4 Rf8 41. Kd3 Rb8 0-1

[Event "Moscow 5'"]
[Site "Moscow RUS"]
[Date "1971.??.??"]
[Round "?"]
[White "Korchnoi, Viktor L"]
[Black "Balashov, Yuri S"]
[Result "1-0"]
[WhiteElo "2660"]
[BlackElo "2570"]
[PlyCount "69"]
[EventDate "1971.??.??"]
[Source "www.chesslib.no"]
[SourceDate "2004.05.04"]

1. c4 g6 2. d4 Nf6 3. Nc3 Bg7 4. e4 d6 5. f3 c6 6. Be3 a6 7. a4 a5 8. Nge2 O-O 9. Nc1 Na6 10. Be2 Qc7 11. Nd3 e5 12. d5 Nb4 13. O-O Bd7 14. Rc1 Rfc8 15. c5 cxd5 16. Nxb4 axb4 17. Nxd5 Nxd5 18. Qxd5 dxc5 19. Bxc5 Be6 20. Qd2 Qd8 21. Qxb4 Bf8 22. Bxf8 Qxf8 23. Rxc8 Rxc8 24. Qxb7 Rb8 25. Qc7 Rxb2 26. Bb5 Ra2 27. Qxe5 Qd8 28. Qc3 Qb6+ 29. Kh1 h5 30. h3 Qd6 31. f4 Ra3 32. Qf6 Qb4 33. f5 Qxe4 34. fxg6 Rxh3+ 35. Kg1 1-0

[Event "5th Open"]
[Site "Dubai"]
[Date "2003.04.24"]
[Round "5"]
[White "Sakaev, Konstantin"]
[Black "Jobava, Baadur"]
[Result "1/2-1/2"]
[WhiteElo "2664"]
[BlackElo "2566"]
[PlyCount "110"]
[EventDate "2003.04.21"]
[Source "Roberto Alvarez"]
[SourceDate "2003.05.05"]

1. d4 Nf6 2. c4 g6 3. Nc3 Bg7 4. e4 d6 5. f3 c6 6. Be3 a6 7. a4 a5 8. Bd3 Na6 9. Nge2 Nb4 10. O-O O-O 11. Qd2 Nd7 12. Rad1 c5 13. Bb1 cxd4 14. Nxd4 Nc5 15. Qe2 Bd7 16. Ndb5 Qc8 17. Rf2 Be6 18. Qf1 Ra6 19. Bc2 Qb8 20. f4 Qc8 21. Bd4 Bxd4 22. Nxd4 Rb6 23. f5 Bd7 24. Ndb5 Qd8 25. Bb1 Rc6 26. Kh1 Ra6 27. h3 Rc6 28. Qe2 Rc8 29. Rdf1 Bxb5 30. cxb5 Nd7 31. Qe3 Qb6 32. Qh6 Ne5 33. f6 exf6 34. Rxf6 Qd4 35. R6f2 Nc4 36. e5 Qxe5 37. Ne4 Qg7 38. Nf6+ Kh8 39. Qf4 Ne5 40. Rd2 Rfd8 41. Rd4 Nd7 42. Rxd6 Nxf6 43. Qxf6 Qxf6 44. Rdxf6 Rd7 45. Be4 Kg7 46. R6f2 Rc4 47. Bf3 b6 48. Re2 Rcd4 49. Re8 h5 50. Rb8 R4d6 51. b3 Re7 52. Kh2 h4 53. Bc6 Nxc6 54. Rxb6 Ree6 55. bxc6 Rxc6 1/2-1/2

[Event "Euwe mem"]
[Site "Amsterdam"]
[Date "1987.??.??"]
[Round "?"]
[White "Timman, Jan H"]
[Black "Van der Wiel, John TH"]
[Result "1-0"]
[WhiteElo "2590"]
[BlackElo "2590"]
[PlyCount "99"]
[EventDate "1987.05.??"]
[Source "ChessBase"]

1. d4 Nf6 2. c4 g6 3. Nc3 Bg7 4. e4 d6 5. f3 e5 6. Nge2 Nbd7 7. Bg5 a5 8. Qd2 h6 9. Be3 Nb6 10. b3 exd4 11. Nxd4 a4 12. Rd1 axb3 13. axb3 O-O 14. Be2 Kh7 15. O-O Nbd7 16. Ndb5 b6 17. b4 Bb7 18. Nd5 Nxd5 19. cxd5 f5 20. Rc1 Rc8 21. Nd4 f4 22. Bf2 Bxd4 23. Bxd4 Ne5 24. Ra1 Rf7 25. Ra7 Rb8 26. Qc3 Re7 27. Rfa1 g5 28. Ba6 Bxa6 29. R1xa6 Rc8 30. Bxe5 dxe5 31. Qc6 Kg7 32. h3 Qe8 33. Qxe8 Rcxe8 34. Rb7 Kf6 35. Raa7 Rc8 36. Kh2 h5 37. d6 Re6 38. Rxc7 Rd8 39. Rh7 Kg6 40. Rag7+ Kf6 41. Rh6+ Kxg7 42. Rxe6 g4 43. hxg4 hxg4 44. fxg4 Kf7 45. Rh6 Rg8 46. Kh3 Ke8 47. Rh7 Rg6 48. d7+ Kd8 49. Kh4 Rd6 50. Kg5 1-0

[Event "Hastings 7172"]
[Site "Hastings"]
[Date "1971.??.??"]
[Round "4"]
[White "Kortschnoj, Viktor"]
[Black "Byrne, Robert E"]
[Result "1/2-1/2"]
[WhiteElo "2670"]
[BlackElo "2510"]
[PlyCount "92"]
[EventDate "1971.12.??"]
[Source "ChessBase"]

1. d4 Nf6 2. c4 g6 3. Nc3 Bg7 4. e4 d6 5. f3 a6 6. Be3 c6 7. a4 a5 8. Nge2 Na6 9. Nc1 Nd7 10. Nb3 e5 11. d5 Ndc5 12. Nxc5 Nxc5 13. Be2 f5 14. exf5 gxf5 15. O-O O-O 16. Kh1 Qe7 17. f4 e4 18. Ra3 Bd7 19. Qd2 Rad8 20. Nd1 cxd5 21. cxd5 b6 22. Nc3 Kh8 23. Nb5 Bxb5 24. Bxb5 Bf6 25. Rb1 Rg8 26. Bf1 Qg7 27. b4 axb4 28. Rxb4 Rb8 29. Bg1 Qf7 30. Qd1 h6 31. Be2 Kh7 32. Bf2 Qg7 33. Rg3 Qa7 34. Rxg8 Rxg8 35. Bb5 Qg7 36. g3 Bd8 37. Bd4 Qf7 38. Be3 h5 39. Rb2 h4 40. Rg2 hxg3 41. hxg3 Rg6 42. Rh2+ Rh6 43. Rxh6+ Kxh6 44. Kg2 Kh7 45. Kh2 Bf6 46. Bf1 Bg7 1/2-1/2

[Event "Zaragoza"]
[Site "?"]
[Date "1993.??.??"]
[Round "?"]
[White "Vyzmanavin, A."]
[Black "Damljanovic, B."]
[Result "1-0"]
[WhiteElo "2620"]
[BlackElo "2550"]
[PlyCount "107"]
[EventDate "1993.??.??"]
[Source "ChessBase"]
[SourceDate "1993.02.01"]

1. d4 Nf6 2. c4 g6 3. Nc3 Bg7 4. e4 d6 5. f3 e5 6. d5 Nh5 7. Be3 f5 8. Qd2 Qh4+ 9. Bf2 Qf4 10. Qxf4 exf4 11. exf5 Bxf5 12. Nge2 O-O 13. O-O-O Na6 14. Nd4 Bd7 15. Bd3 Nc5 16. Bc2 a5 17. Rhe1 Rf7 18. Re2 Rc8 19. Ncb5 Bf6 20. Be1 b6 21. Bf2 Ng7 22. Rde1 Kf8 23. b3 Bxd4 24. Nxd4 Nf5 25. Kd2 Nxd4 26. Bxd4 b5 27. h4 c6 28. dxc6 Bxc6 29. h5 gxh5 30. Rh1 bxc4 31. bxc4 Bd7 32. Rxh5 Ne6 33. Bc3 Rc5 34. Rxc5 Nxc5 35. Bxa5 Be6 36. Kc3 Ke7 37. Bb4 Kd7 38. Kd4 Kc6 39. Ba4+ Kb6 40. Bb5 Bd7 41. Bxd7 Rxd7 42. Kd5 Rg7 43. Bxc5+ dxc5 44. Rb2+ Kc7 45. Kxc5 h5 46. Kd4 Re7 47. Rb5 Re2 48. Rxh5 Rxg2 49. Rf5 Rxa2 50. Rxf4 Kd6 51. c5+ Kd7 52. Kd5 Rd2+ 53. Rd4 Rf2 54. f4 1-0

[Event "Gjovik"]
[Site "Gjovik"]
[Date "1983.??.??"]
[Round "?"]
[White "Browne, Walter S"]
[Black "Spassky, Boris V"]
[Result "1/2-1/2"]
[WhiteElo "2560"]
[BlackElo "2605"]
[PlyCount "31"]
[EventDate "1983.08.??"]
[Source "ChessBase"]

1. d4 Nf6 2. c4 g6 3. Nc3 Bg7 4. e4 d6 5. f3 c6 6. Be3 a6 7. c5 b5 8. cxb6 Qxb6 9. Qd2 Nbd7 10. Rc1 Qa5 11. Bd3 O-O 12. Nge2 c5 13. O-O Bb7 14. Rfd1 Rfc8 15. b3 cxd4 16. Nxd4 1/2-1/2

[Event "PCA prelim"]
[Site "Moscow PCA prelim."]
[Date "1994.??.??"]
[Round "11"]
[White "Budnikov, Alexandar"]
[Black "Azmaiparashvili, Zurab A"]
[Result "0-1"]
[WhiteElo "2535"]
[BlackElo "2625"]
[PlyCount "68"]
[EventDate "1994.??.??"]
[Source "www.chesslib.no"]
[SourceDate "2004.05.04"]

1. d4 d6 2. c4 g6 3. Nc3 Bg7 4. e4 e5 5. Be3 exd4 6. Bxd4 Nf6 7. f3 O-O 8. Qd2 Re8 9. Nge2 Nc6 10. Be3 Ne5 11. Nf4 c6 12. h4 Qe7 13. O-O-O Rd8 14. Kb1 Be6 15. b3 d5 16. Nxe6 Qxe6 17. cxd5 cxd5 18. exd5 Qd7 19. Bb5 Qd6 20. Bg5 Rdc8 21. Bxf6 Qxf6 22. Ne4 Qb6 23. Be2 a5 24. d6 a4 25. b4 a3 26. Rc1 Rd8 27. Rhd1 Ra4 28. b5 Nc6 29. Rc3 Rb8 30. Qc2 Rc8 31. Rb3 Ne5 32. Qc7 Qf2 33. Ka1 Rd4 34. Rbb1 Rb8 0-1

[Event "Jugoslavija 81/458"]
[Site "?"]
[Date "2001.??.??"]
[Round "?"]
[White "Khenkin, I."]
[Black "Ilincic, Z."]
[Result "1/2-1/2"]
[WhiteElo "2609"]
[BlackElo "2542"]
[PlyCount "64"]
[EventDate "2001.??.??"]
[Source "Chess Informant"]
[SourceDate "2001.02.01"]

1. d4 Nf6 2. c4 g6 3. Nc3 Bg7 4. e4 d6 5. f3 e5 6. Nge2 O-O 7. Bg5 exd4 8. Nxd4 Nc6 9. Nc2 h6 10. Be3 Be6 11. Be2 Ne5 12. b3 c6 13. O-O Re8 14. Nd4 d5 15. Nxe6 Rxe6 16. cxd5 cxd5 17. exd5 Nxf3+ 18. Rxf3 Rxe3 19. Rxe3 Qb6 20. Qd3 Re8 21. Nd1 Nxd5 22. Qb5 Rxe3 23. Qxb6 Nxb6 24. Nxe3 Bxa1 25. Bf3 Bd4 26. Kf2 Nc8 27. Ke2 b6 28. Kd3 Bc5 29. Nd5 a5 30. Nc3 Bg1 31. h3 Nd6 32. Ne4 Nxe4 1/2-1/2

[Event "Jugoslavija"]
[Site "?"]
[Date "1992.??.??"]
[Round "?"]
[White "Beliavsky, A."]
[Black "Kupreichik, V."]
[Result "0-1"]
[WhiteElo "2595"]
[BlackElo "2555"]
[PlyCount "160"]
[EventDate "1992.??.??"]
[Source "ChessBase"]
[SourceDate "1992.06.01"]

1. d4 Nf6 2. c4 d6 3. Nc3 g6 4. e4 Bg7 5. f3 e5 6. d5 Nh5 7. Be3 f5 8. Qd2 Qh4+ 9. Bf2 Qf4 10. Qxf4 exf4 11. Nb5 Na6 12. O-O-O fxe4 13. fxe4 Nf6 14. h3 O-O 15. Bd3 Re8 16. Re1 Nd7 17. Nf3 Ne5 18. Nxe5 Bxe5 19. Nd4 Bd7 20. Nf3 Bg7 21. Re2 c6 22. Rhe1 Nb4 23. Bb1 cxd5 24. exd5 Rxe2 25. Rxe2 Rc8 26. b3 b5 27. Re7 bxc4 28. Rxd7 cxb3+ 29. Kd1 bxa2 30. Bxa2 Nxa2 31. Bxa7 Nc3+ 32. Ke1 Ne4 33. Nd4 Rc1+ 34. Ke2 Be5 35. Ne6 Nc3+ 36. Kd2 Rd1+ 37. Kc2 Rxd5 38. Nxf4 Bxf4 39. Kxc3 Be5+ 40. Kc4 Rd2 41. g4 Rh2 42. Kd5 Rxh3 43. Ke6 h5 44. gxh5 gxh5 45. Rb7 Rf3 46. Rb4 Kg7 47. Bb6 Kg6 48. Bd8 Re3 49. Kd5 Kf5 50. Rh4 Rd3+ 51. Kc6 Kg6 52. Kd7 Rf3 53. Rh1 Rf4 54. Ke6 Re4 55. Kd5 Rg4 56. Ke6 Rg2 57. Kd5 Bh2 58. Ke4 Rf2 59. Ke3 Rf8 60. Bh4 Be5 61. Rg1+ Kh6 62. Bg5+ Kh7 63. Ke4 Re8 64. Kd5 Rg8 65. Ke4 Bf6 66. Be3 Re8+ 67. Kf5 Bg7 68. Bg5 Re5+ 69. Kf4 Bh6 70. Bxh6 Kxh6 71. Rd1 Re6 72. Kg3 Kg7 73. Kh4 Kg6 74. Rd2 Kf5 75. Kxh5 Re3 76. Rf2+ Ke4 77. Kg4 d5 78. Rf8 d4 79. Re8+ Kd3 80. Ra8 Re1 0-1

[Event "It"]
[Site "It Amsterdam"]
[Date "1971.??.??"]
[Round "?"]
[White "Korchnoi, Viktor L"]
[Black "Minic, Dragoljub"]
[Result "1/2-1/2"]
[WhiteElo "2660"]
[BlackElo "2490"]
[PlyCount "80"]
[EventDate "1971.??.??"]
[Source "www.chesslib.no"]
[SourceDate "2004.05.04"]

1. d4 Nf6 2. c4 g6 3. f3 c5 4. d5 d6 5. e4 Bg7 6. Nc3 O-O 7. Bf4 Re8 8. Qd2 e6 9. dxe6 Bxe6 10. Nb5 Re7 11. Qxd6 Rd7 12. Qxc5 Nxe4 13. fxe4 Bxb2 14. Rb1 Qa5+ 15. Ke2 Bg4+ 16. Nf3 Qxa2 17. Rxb2 Qxb2+ 18. Ke1 Nc6 19. Qa3 Qc2 20. Qc1 Qxe4+ 21. Kf2 Re8 22. Nc3 Qf5 23. Nd5 Bxf3 24. gxf3 Nd4 25. h4 Rxd5 26. cxd5 Qxd5 27. Rh3 Qf5 28. Rg3 Rc8 29. Bd3 Qd7 30. Qb1 Ne6 31. Be3 Rc3 32. Be4 Nc5 33. h5 Rb3 34. Qc2 Nxe4+ 35. fxe4 Qe6 36. hxg6 hxg6 37. Rf3 Rb4 38. Qd2 Qe7 39. Bg5 Qc5+ 40. Be3 Qe7 1/2-1/2

[Event "Tilburg"]
[Site "?"]
[Date "1996.??.??"]
[Round "?"]
[White "Piket, Je"]
[Black "Sutovskij, E."]
[Result "1/2-1/2"]
[WhiteElo "2580"]
[BlackElo "2565"]
[PlyCount "123"]
[EventDate "1996.??.??"]
[Source "ChessBase"]
[SourceDate "1996.10.01"]

1. d4 Nf6 2. c4 g6 3. Nc3 Bg7 4. e4 d6 5. f3 a6 6. Be3 c6 7. Bd3 b5 8. e5 Nfd7 9. f4 b4 10. Na4 Qa5 11. Nf3 c5 12. dxc5 Nxc5 13. Nxc5 dxc5 14. Be4 Ra7 15. O-O Nd7 16. Qc2 O-O 17. Rad1 Qc7 18. Qf2 e6 19. Rd6 Re8 20. Bc6 Bf8 21. Bxd7 Bxd7 22. Bxc5 Rb7 23. b3 Rc8 24. Bd4 Bc6 25. c5 Bxf3 26. Qxf3 Bxd6 27. exd6 Qc6 28. Qe3 Qd5 29. Rc1 Kf8 30. h3 Ke8 31. Rc4 Kd7 32. Qe1 a5 33. Qh4 Kc6 34. Qxh7 a4 35. Qh4 axb3 36. axb3 Ra8 37. Qf2 f6 38. Bxf6 Qd1+ 39. Kh2 Qxb3 40. Qe2 Rh7 41. d7 Rxh3+ 42. gxh3 Ra2 43. d8=N+ Kc7 44. Nxe6+ Kc8 45. Re4 Rxe2+ 46. Rxe2 Qf3 47. Rg2 Qc6 48. f5 gxf5 49. Rg8+ Kd7 50. Nf8+ Kc8 51. Ne6+ Kd7 52. Nf8+ Kc8 53. Bd4 Qe4 54. Ne6+ Kd7 55. Rg6 f4 56. c6+ Kxc6 57. Nxf4+ Kd7 58. Rg7+ Ke8 59. Rg8+ Kf7 60. Rg7+ Ke8 61. Rg8+ Kf7 62. Rg7+ 1/2-1/2

[Event "Copenhagen Open 15th"]
[Site "Copenhagen DEN"]
[Date "1993.??.??"]
[Round "9"]
[White "Khenkin, Igor"]
[Black "Kupreichik, Viktor D"]
[Result "1-0"]
[WhiteElo "2575"]
[BlackElo "2560"]
[PlyCount "85"]
[EventDate "1993.06.??"]
[Source "www.chesslib.no"]
[SourceDate "2004.05.04"]

1. d4 Nf6 2. c4 g6 3. Nc3 Bg7 4. e4 d6 5. f3 e5 6. Nge2 c6 7. Bg5 Nbd7 8. d5 cxd5 9. Nxd5 O-O 10. Nec3 h6 11. Be3 Nxd5 12. Qxd5 Nb6 13. Qd2 Be6 14. b3 f5 15. O-O-O fxe4 16. fxe4 Bg4 17. Be2 Bxe2 18. Qxe2 Nc8 19. Qg4 Kh7 20. Rhf1 h5 21. Qe6 Re8 22. Qd5 Qd7 23. Rf7 Re7 24. Rxe7 Qxe7 25. Rf1 Nb6 26. Qf7 Re8 27. Qxe7 Rxe7 28. Bxb6 axb6 29. Nd5 Re8 30. Nxb6 Rf8 31. Rxf8 Bxf8 32. a4 Kg8 33. b4 Kf7 34. a5 Bh6+ 35. Kc2 Be3 36. Nd5 Bg1 37. h3 Ke6 38. Kb3 Kd7 39. Ka4 Bf2 40. Kb5 Bd4 41. a6 bxa6+ 42. Kxa6 Kc8 43. b5 1-0

[Event "YUG-chT"]
[Site "?"]
[Date "1998.??.??"]
[Round "8"]
[White "Sakaev Konstantin"]
[Black "Tosic Miroslav"]
[Result "1-0"]
[WhiteElo "2620"]
[BlackElo "2505"]
[PlyCount "133"]
[EventDate "1998.??.??"]
[Source "www.chesslib.no"]
[SourceDate "2004.05.04"]

1. d4 Nf6 2. c4 g6 3. Nc3 Bg7 4. e4 d6 5. f3 b6 6. Nge2 c5 7. d5 Na6 8. Be3 Nc7 9. Qd2 h5 10. Rb1 Nd7 11. Nc1 Ne5 12. h3 Ba6 13. b3 e6 14. f4 exd5 15. exd5 Nd7 16. Bd3 f5 17. N1e2 Nf6 18. O-O Kf7 19. Bf2 Qd7 20. b4 Rae8 21. b5 Bc8 22. Bh4 Qe7 23. Qc2 Bd7 24. Kh1 Qf8 25. Qd2 Nh7 26. a4 Bf6 27. Bf2 Bd8 28. a5 Nf6 29. axb6 axb6 30. Ra1 Re7 31. Ra7 Bc8 32. Ra3 Bb7 33. Bh4 Nce8 34. Ng1 Rd7 35. Nf3 Nh7 36. Bxd8 Rxd8 37. Na4 Ra8 38. Ra2 Qe7 39. Nxb6 Rb8 40. Re1 Qd8 41. Na4 Nef6 42. Nc3 Re8 43. Rxe8 Qxe8 44. Qe2 Qxe2 45. Nxe2 Ra8 46. Rxa8 Bxa8 47. Kg1 Nd7 48. Kf2 Nb6 49. Kg3 Kf6 50. Kh4 Bb7 51. Nc3 Bc8 52. Nd1 Bd7 53. Ne3 Kg7 54. Ng5 Nf6 55. Ne6+ Bxe6 56. dxe6 Nc8 57. Be2 Nb6 58. Bf3 Ng8 59. Kg5 Nf6 60. Bc6 Nh7+ 61. Kh4 Nf6 62. e7 Kf7 63. Kg5 Ne4+ 64. Kh6 Kxe7 65. Kxg6 Ng3 66. h4 Ke6 67. Bf3 1-0

[Event "HUN Team Ch"]
[Site "HUN"]
[Date "1993.??.??"]
[Round "?"]
[White "Chernin, Alexander M"]
[Black "Groszpeter, Attila"]
[Result "1/2-1/2"]
[WhiteElo "2600"]
[BlackElo "2525"]
[PlyCount "39"]
[EventDate "1993.??.??"]
[Source "www.chesslib.no"]
[SourceDate "2004.05.04"]

1. d4 Nf6 2. c4 g6 3. Nc3 Bg7 4. e4 d6 5. f3 c6 6. Bg5 a6 7. Qd2 b5 8. Bd3 Nbd7 9. Nge2 Rb8 10. cxb5 axb5 11. b4 Nb6 12. O-O O-O 13. Bh6 e5 14. Bxg7 Kxg7 15. Nd1 Qe7 16. Rc1 Bd7 17. Ne3 Ra8 18. Rfd1 Ra3 19. Bb1 Rfa8 20. Kh1 1/2-1/2

[Event "Indonesia"]
[Site "Indonesia"]
[Date "1983.??.??"]
[Round "17"]
[White "Adorjan, Andras"]
[Black "Romanishin, Oleg M"]
[Result "1/2-1/2"]
[WhiteElo "2535"]
[BlackElo "2575"]
[PlyCount "36"]
[EventDate "1983.11.??"]
[Source "ChessBase"]

1. c4 Nf6 2. Nc3 g6 3. e4 d6 4. d4 Bg7 5. f3 c6 6. Bg5 a6 7. Qd2 b5 8. O-O-O O-O 9. Bh6 b4 10. Nce2 Qa5 11. Kb1 d5 12. Bxg7 Kxg7 13. Ng3 Be6 14. cxd5 cxd5 15. e5 Ng8 16. N1e2 Nc6 17. Nf4 Rfc8 18. Be2 Qb6 1/2-1/2

[Event "Elista ol (Men)"]
[Site "Elista"]
[Date "1998.10.06"]
[Round "8"]
[White "Comas Fabrego, Luis"]
[Black "Ilincic, Zlatko"]
[Result "1-0"]
[WhiteElo "2540"]
[BlackElo "2570"]
[PlyCount "107"]
[EventDate "1998.09.29"]
[Source "ChessBase"]
[SourceDate "1998.11.06"]

1. d4 Nf6 2. c4 g6 3. Nc3 Bg7 4. e4 d6 5. f3 e5 6. Nge2 Nbd7 7. Bg5 c6 8. Qd2 a6 9. d5 h6 10. Be3 Nb6 11. b3 cxd5 12. cxd5 O-O 13. g4 Kh7 14. Ng3 Ng8 15. h4 Bd7 16. h5 Rc8 17. Be2 Na8 18. Kf2 Rc7 19. Rh2 Qc8 20. Rc1 b5 21. Rhh1 Qb7 22. g5 Rfc8 23. gxh6 Bf6 24. hxg6+ fxg6 25. Bd3 b4 26. Nce2 Rxc1 27. Rxc1 Nc7 28. Kg2 a5 29. Bg5 Ne8 30. Rg1 Bb5 31. Bxb5 Qxb5 32. Be3 Be7 33. Rc1 Qb7 34. Rxc8 Qxc8 35. Ng1 Bf8 36. Nh3 Nxh6 37. Ng5+ Kg8 38. Qc1 Qxc1 39. Bxc1 Nc7 40. Be3 Nf7 41. Nxf7 Kxf7 42. Bb6 Na6 43. Bxa5 Bh6 44. Kf2 Bf4 45. Nf1 Kg7 46. Ne3 Bxe3+ 47. Kxe3 Kh6 48. Bd8 Nc5 49. Be7 Nb7 50. Kd3 Kh5 51. Kc4 g5 52. Kxb4 g4 53. fxg4+ Kxg4 54. Kb5 1-0

[Event "New York op"]
[Site "New York"]
[Date "1991.??.??"]
[Round "5"]
[White "Novikov, Igor A"]
[Black "Yermolinsky, Alex"]
[Result "1-0"]
[WhiteElo "2545"]
[BlackElo "2565"]
[PlyCount "69"]
[EventDate "1991.03.??"]
[Source "ChessBase"]

1. d4 Nf6 2. c4 g6 3. Nc3 Bg7 4. e4 d6 5. Nge2 e5 6. f3 Nbd7 7. Bg5 c6 8. Qd2 a6 9. d5 c5 10. a4 Qe7 11. Nc1 Qf8 12. Nd3 h6 13. Be3 h5 14. a5 Bh6 15. Bxh6 Qxh6 16. Qxh6 Rxh6 17. Na4 Rb8 18. b4 cxb4 19. Nxb4 Nc5 20. Nxc5 dxc5 21. Nd3 Nd7 22. Kd2 h4 23. Be2 g5 24. Rhb1 Ke7 25. Bd1 b5 26. axb6 Rhxb6 27. Rxb6 Rxb6 28. Ba4 Kd6 29. Bxd7 Bxd7 30. Kc3 h3 31. g3 f6 32. Ra5 g4 33. fxg4 Bxg4 34. Nxc5 Rb1 35. Rxa6+ 1-0

[Event "New York op"]
[Site "New York"]
[Date "1997.??.??"]
[Round "?"]
[White "Alterman, Boris"]
[Black "Kreiman, Boris"]
[Result "1-0"]
[WhiteElo "2595"]
[BlackElo "2515"]
[PlyCount "83"]
[EventDate "1997.04.02"]
[Source "ChessBase"]

1. d4 Nf6 2. c4 g6 3. Nc3 Bg7 4. e4 d6 5. f3 c6 6. Be3 a6 7. c5 b5 8. cxd6 exd6 9. Bd3 O-O 10. Nge2 Nbd7 11. O-O c5 12. Rc1 Bb7 13. d5 Ne5 14. a3 Nfd7 15. Kh1 Nxd3 16. Qxd3 Ne5 17. Qc2 Qd7 18. Rcd1 a5 19. b3 b4 20. Na4 Qb5 21. f4 Nd7 22. Rfe1 Ba6 23. axb4 Qxb4 24. Bd2 Qb7 25. Bc3 Rab8 26. Bxg7 Kxg7 27. Nc1 f6 28. Nb2 Qb4 29. Nbd3 Qb5 30. e5 fxe5 31. fxe5 dxe5 32. Qc3 Rbe8 33. Ne2 Bb7 34. Nef4 Kg8 35. Ne6 Rxe6 36. dxe6 Qc6 37. Rd2 Qxe6 38. Kg1 e4 39. Nxc5 Nxc5 40. Qxc5 Qxb3 41. Rd7 Ba6 42. Qd4 1-0

[Event "Capablanca mem"]
[Site "Matanzas"]
[Date "1995.??.??"]
[Round "6"]
[White "Cifuentes Parada, Roberto"]
[Black "Van Wely, Loek"]
[Result "1/2-1/2"]
[WhiteElo "2535"]
[BlackElo "2575"]
[PlyCount "44"]
[EventDate "1995.05.??"]
[Source "ChessBase"]

1. d4 Nf6 2. c4 g6 3. Nc3 Bg7 4. e4 d6 5. f3 e5 6. dxe5 dxe5 7. Qxd8+ Kxd8 8. Bg5 Be6 9. O-O-O+ Nbd7 10. Nd5 Kc8 11. Ne2 c6 12. Nec3 Ne8 13. Nb4 Bf8 14. Nc2 f6 15. Be3 Nd6 16. b3 b6 17. Be2 Kc7 18. Rd2 Be7 19. Rhd1 Rhd8 20. Kb2 f5 21. exf5 Nxf5 22. Bf2 Bg5 1/2-1/2

[Event "Bundesliga 0203"]
[Site "Germany"]
[Date "2002.10.19"]
[Round "1"]
[White "Haba, Petr"]
[Black "Socko, Bartosz"]
[Result "0-1"]
[WhiteElo "2534"]
[BlackElo "2569"]
[PlyCount "68"]
[EventDate "2002.10.19"]
[Source "ChessBase"]
[SourceDate "2002.11.06"]

1. d4 Nf6 2. c4 g6 3. Nc3 Bg7 4. e4 d6 5. f3 a6 6. Be3 Nbd7 7. Nh3 O-O 8. Nf2 c5 9. d5 b5 10. cxb5 axb5 11. Bxb5 Ba6 12. Bxa6 Rxa6 13. O-O Nb6 14. Qe2 Qa8 15. Rfc1 Nfd7 16. b3 Rc8 17. Nfd1 e6 18. dxe6 fxe6 19. a4 d5 20. exd5 exd5 21. Bf2 Re8 22. Qf1 c4 23. bxc4 Nxc4 24. Ra2 Nde5 25. h3 Rf6 26. Re2 Ref8 27. Ne3 Nxf3+ 28. gxf3 Nxe3 29. Rxe3 d4 30. Qc4+ R6f7 31. Re4 dxc3 32. Bc5 Rc8 33. Rce1 Bf8 34. Re5 Qxf3 0-1

[Event "Garmisch"]
[Site "Garmisch"]
[Date "1994.??.??"]
[Round "12"]
[White "Jussupow, Artur"]
[Black "Hug, Werner"]
[Result "1-0"]
[WhiteElo "2655"]
[BlackElo "2445"]
[PlyCount "89"]
[EventDate "1994.??.??"]
[Source "ChessBase"]

1. d4 Nf6 2. c4 g6 3. Nc3 Bg7 4. e4 d6 5. f3 a6 6. Bg5 c6 7. Qd2 b5 8. Rc1 Nbd7 9. b3 O-O 10. Nh3 e5 11. d5 b4 12. Na4 c5 13. Nf2 Nb6 14. Nb2 a5 15. Be2 a4 16. Nbd3 axb3 17. axb3 Ra3 18. Bd1 Bd7 19. O-O Qe7 20. Bc2 Ra2 21. Qe3 Ra6 22. Rce1 Re8 23. f4 h6 24. Bxf6 Bxf6 25. fxe5 Bxe5 26. Nxe5 Qxe5 27. Qxh6 Ra2 28. Bb1 Ra1 29. Kh1 Qg7 30. Qf4 Nc8 31. Nd3 f6 32. Qxf6 Qxf6 33. Rxf6 Bf5 34. g4 Bxe4+ 35. Kg1 Rxb1 36. Rxb1 Bxd3 37. Ra1 Kg7 38. g5 Bf5 39. Ra8 Re3 40. Rb8 Rxb3 41. Rb7+ Kg8 42. Rbf7 Rb1+ 43. Kf2 Rb2+ 44. Kg3 Rb3+ 45. Kf4 1-0

[Event "Mitropa-Cup"]
[Site "Brno"]
[Date "1991.??.??"]
[Round "3"]
[White "Bischoff, Klaus"]
[Black "Damljanovic, Branko"]
[Result "0-1"]
[WhiteElo "2510"]
[BlackElo "2585"]
[PlyCount "82"]
[EventDate "1991.10.??"]
[Source "ChessBase"]

1. c4 g6 2. Nc3 Bg7 3. d4 c5 4. d5 d6 5. e4 Nf6 6. f3 O-O 7. Nge2 e6 8. Ng3 Re8 9. Be2 a6 10. Bf4 exd5 11. cxd5 Qe7 12. Qd2 Nbd7 13. a4 h5 14. Bh6 Bh8 15. Bg5 Nf8 16. Nf1 N8h7 17. Bf4 h4 18. Be3 Bd7 19. a5 h3 20. g4 Bxg4 21. fxg4 Nxe4 22. Nxe4 Qxe4 23. Rg1 Nf6 24. g5 Nxd5 25. Rg4 Qe5 26. Ra3 Qf5 27. Rg3 Nb4 28. Rf3 Qe6 29. Kf2 Rac8 30. Rc3 Bxc3 31. bxc3 Nc6 32. Bf4 d5 33. Re3 Qf5 34. Kg3 d4 35. cxd4 cxd4 36. Rd3 Qxa5 37. Qxa5 Nxa5 38. Bg4 Rc3 39. Rxc3 dxc3 40. Ne3 Rd8 41. Be5 Rd3 0-1